| 000 | 00370nam a2200145 a 4500 | ||
|---|---|---|---|
| 001 | 5016 | ||
| 003 | CDMR | ||
| 005 | 20130916130149.0 | ||
| 008 | 130130s1985||||||||||||||||||||||||||||d | ||
| 040 |
_aCDMR _bcat _cCDMR |
||
| 245 | 3 | _aLa comunicación y los mass media | |
| 260 |
_aBilbao _c1985 _bMensajero |
||
| 650 | 0 | 4 |
_9405 _aMitjans de comunicació de massa |
| 942 |
_cMON _2udc |
||
| 999 |
_c5016 _d5016 |
||